| 000 | 01294nam a22003375a 4500 | ||
|---|---|---|---|
| 999 |
_c27504 _d27475 |
||
| 005 | 20190601101325.0 | ||
| 008 | 190601s1992 le frd 000 0 mul d | ||
| 040 |
_aEG-ScBUE _beng _cEG-ScBUE _dEG-ScBUE |
||
| 041 | 0 |
_aeng _afre _aara |
|
| 082 | 0 | 4 |
_a627.03 _bABD _222 |
| 100 | 1 | _aAbdel-Aziz, Mahmud Fawzi. | |
| 245 | 1 | 0 |
_aDictionary of water engineering : _bEnglish - French - Arabic / _cMahmud Fawzi Abdel-Aziz ; edited and revised by Mohamad Debs and Anwar Abdelwahed. |
| 246 | 3 | 5 |
_aمعجم هندسة المياه : _bانكليزي - فرنسي - عربي |
| 250 | _a1st ed. | ||
| 260 |
_aBeirut : _bAcademia International, _c1992. |
||
| 300 |
_a488 p. ; _c24 cm. |
||
| 490 | 0 | _aAcademic reference dictionaries | |
| 500 | _aAdded t.p., introd. and text in Arabic. | ||
| 500 | _aIncludes indexes. | ||
| 546 | _aText in English, French and Arabic. | ||
| 650 | 7 |
_aWater _vDictionaries. _2BUEsh |
|
| 650 | 7 |
_aWater _vDictionaries _xPolyglot. _2BUEsh |
|
| 650 | 7 |
_aHydraulic engineering _vDictionaries. _2BUEsh |
|
| 650 | 7 |
_aHydraulic engineering _vDictionaries _xPolyglot. _2BUEsh |
|
| 650 | 7 |
_aWater-supply, Rural _vDictionaries. _2BUEsh |
|
| 651 | _2BUEsh | ||
| 653 |
_bENGGEN _cMay2019 |
||
| 700 | 1 |
_aDebs, Mohamad, _eeditor. |
|
| 700 | 1 |
_aAbdelwahed, Anwar, _eeditor. |
|
| 942 | _2ddc | ||